<?xml version="1.0" encoding="UTF-8"?>
<collection xmlns="http://www.loc.gov/MARC21/slim">
 <record>
  <leader>02000nas a22003251  4500</leader>
  <controlfield tag="001">1/50187</controlfield>
  <controlfield tag="008">030527c199?9999gr mrzp           g0gre d</controlfield>
  <datafield tag="022" ind1=" " ind2=" ">
   <subfield code="a">1109-5822</subfield>
  </datafield>
  <datafield tag="035" ind1=" " ind2=" ">
   <subfield code="l">23103</subfield>
  </datafield>
  <datafield tag="040" ind1=" " ind2=" ">
   <subfield code="a">GR-PeUP</subfield>
  </datafield>
  <datafield tag="090" ind1=" " ind2=" ">
   <subfield code="a">Αλφαβητική σειρά</subfield>
  </datafield>
  <datafield tag="245" ind1="0" ind2="0">
   <subfield code="a">Βουλή &amp; Ευρωβουλή</subfield>
  </datafield>
  <datafield tag="246" ind1="1" ind2="3">
   <subfield code="a">Βουλή και Ευρωβουλή</subfield>
  </datafield>
  <datafield tag="260" ind1=" " ind2=" ">
   <subfield code="a">Αθήνα :</subfield>
   <subfield code="b">Ζαγοριανίτης Παντελής,</subfield>
   <subfield code="c">[199-]</subfield>
  </datafield>
  <datafield tag="300" ind1=" " ind2=" ">
   <subfield code="a">τ. :</subfield>
   <subfield code="b">εικ. ;</subfield>
   <subfield code="c">27 εκ.</subfield>
  </datafield>
  <datafield tag="310" ind1=" " ind2=" ">
   <subfield code="a">Μηνιαίο</subfield>
  </datafield>
  <datafield tag="362" ind1="0" ind2=" ">
   <subfield code="a">Τχ. 7 (Ιούν. 1998) - τχ. 17 (Δεκ. 2003)</subfield>
  </datafield>
  <datafield tag="362" ind1="0" ind2=" ">
   <subfield code="a">Τχ. 18 (Ιαν. 2004)-</subfield>
  </datafield>
  <datafield tag="546" ind1=" " ind2=" ">
   <subfield code="a">Ελληνική</subfield>
  </datafield>
  <datafield tag="610" ind1="2" ind2="0">
   <subfield code="a">Ευρωπαϊκή Βουλή</subfield>
   <subfield code="v">Περιοδικά.</subfield>
  </datafield>
  <datafield tag="710" ind1="2" ind2=" ">
   <subfield code="a">Ευρωπαϊκή Βουλή.</subfield>
  </datafield>
  <datafield tag="852" ind1=" " ind2=" ">
   <subfield code="a">INST</subfield>
   <subfield code="b">UNIPILB</subfield>
   <subfield code="c">SERIALS</subfield>
   <subfield code="e">20050331</subfield>
   <subfield code="h">Αλφαβητική σειρά</subfield>
   <subfield code="p">41821</subfield>
   <subfield code="q">41821</subfield>
   <subfield code="t">NOLOAN</subfield>
   <subfield code="v">τεύχ.18:(Μήνας)Ιανουάριος;(Έτος)2004</subfield>
   <subfield code="y">23</subfield>
  </datafield>
  <datafield tag="852" ind1=" " ind2=" ">
   <subfield code="a">INST</subfield>
   <subfield code="b">UNIPILB</subfield>
   <subfield code="c">SERIALS</subfield>
   <subfield code="e">20050331</subfield>
   <subfield code="h">Αλφαβητική σειρά</subfield>
   <subfield code="p">41822</subfield>
   <subfield code="q">41822</subfield>
   <subfield code="t">NOLOAN</subfield>
   <subfield code="v">τεύχ.19:(Μήνας)Φεβρουάριος;(Έτος)2004</subfield>
   <subfield code="y">23</subfield>
  </datafield>
  <datafield tag="852" ind1=" " ind2=" ">
   <subfield code="a">INST</subfield>
   <subfield code="b">UNIPILB</subfield>
   <subfield code="c">SERIALS</subfield>
   <subfield code="e">20050331</subfield>
   <subfield code="h">Αλφαβητική σειρά</subfield>
   <subfield code="p">41823</subfield>
   <subfield code="q">41823</subfield>
   <subfield code="t">NOLOAN</subfield>
   <subfield code="v">τεύχ.20:(Μήνας)Μάρτιος;(Έτος)2004</subfield>
   <subfield code="y">23</subfield>
  </datafield>
  <datafield tag="852" ind1=" " ind2=" ">
   <subfield code="a">INST</subfield>
   <subfield code="b">UNIPILB</subfield>
   <subfield code="c">SERIALS</subfield>
   <subfield code="e">20050331</subfield>
   <subfield code="h">Αλφαβητική σειρά</subfield>
   <subfield code="p">41824</subfield>
   <subfield code="q">41824</subfield>
   <subfield code="t">NOLOAN</subfield>
   <subfield code="v">τεύχ.21:(Μήνας)Απρίλιος;(Έτος)2004</subfield>
   <subfield code="y">23</subfield>
  </datafield>
  <datafield tag="852" ind1=" " ind2=" ">
   <subfield code="a">INST</subfield>
   <subfield code="b">UNIPILB</subfield>
   <subfield code="c">SERIALS</subfield>
   <subfield code="e">20050331</subfield>
   <subfield code="h">Αλφαβητική σειρά</subfield>
   <subfield code="p">41825</subfield>
   <subfield code="q">41825</subfield>
   <subfield code="t">NOLOAN</subfield>
   <subfield code="v">τεύχ.22:(Μήνας)Μάιος;(Έτος)2004</subfield>
   <subfield code="y">23</subfield>
  </datafield>
  <datafield tag="852" ind1=" " ind2=" ">
   <subfield code="a">INST</subfield>
   <subfield code="b">UNIPILB</subfield>
   <subfield code="c">SERIALS</subfield>
   <subfield code="e">20050331</subfield>
   <subfield code="h">Αλφαβητική σειρά</subfield>
   <subfield code="p">41826</subfield>
   <subfield code="q">41826</subfield>
   <subfield code="t">NOLOAN</subfield>
   <subfield code="v">τεύχ.23:(Μήνας)Ιούνιος;(Έτος)2004</subfield>
   <subfield code="y">23</subfield>
  </datafield>
  <datafield tag="900" ind1=" " ind2=" ">
   <subfield code="a">Τχ. 24 (Ιούλιος 2004)</subfield>
   <subfield code="b">Οφειλόμενο</subfield>
   <subfield code="c">07/04/2005</subfield>
  </datafield>
  <datafield tag="950" ind1=" " ind2=" ">
   <subfield code="a">01/01/2004</subfield>
   <subfield code="c">ΔΩΡΕΑ ΠΕΡΙΟΔΙΚΩΝ</subfield>
   <subfield code="d">334</subfield>
  </datafield>
  <datafield tag="951" ind1=" " ind2=" ">
   <subfield code="a">Τχ. 18 (Ιανουάριος 2004) - Τχ. 23 (Ιούνιος 2004)</subfield>
   <subfield code="b">Main run</subfield>
  </datafield>
 </record>
</collection>
